[Event "Sao Paulo op-B 3rd"]
[Site "Sao Paulo"]
[Date "2015.09.19"]
[Round "4"]
[White "Trombini, Fabio"]
[Black "Sousa, Felipe Mazim De"]
[Result "1-0"]
[WhiteElo "1992"]
[BlackElo "1798"]
[PlyCount "61"]
[EventDate "2015.09.17"]
[EventType "swiss"]
[EventRounds "6"]
[EventCountry "BRA"]
[SourceTitle "EXT 2016"]
[Source "ChessBase"]
[SourceDate "2015.10.08"]
[SourceVersion "1"]
[SourceVersionDate "2015.10.08"]
[SourceQuality "1"]

1. e4 c5 2. Nf3 d6 3. d4 cxd4 4. Nxd4 Nf6 5. Nc3 g6 6. Be3 Bg7 7. f3 0-0 8. Qd2 d5 9. e5 Nfd7 10. e6 Nf6 11. exf7+ Rxf7 12. 0-0-0 e5 13. Nb3 d4 14. Bc4 Qe7 15. Nxd4 exd4 16. Bxd4 Nc6 17. Rhe1 Qd8 18. Bxf6 Qxd2+ 19. Rxd2 Bxf6 20. Ne4 Kg7 21. Bxf7 Kxf7 22. Nd6+ Kg7 23. Re8 Bd8 24. Nxc8 Rxc8 25. Rd7+ Kf6 26. Rxb7 h5 27. c3 a5 28. Rd7 Kf5 29. Kb1 Rb8 30. Rd5+ Kf4 31. Re4# 1-0

[Event "Sao Paulo op-B 3rd"]
[Site "Sao Paulo"]
[Date "2015.09.18"]
[Round "2"]
[White "Sousa, Felipe Mazim De"]
[Black "Heinrichs, Vivian"]
[Result "1-0"]
[WhiteElo "1798"]
[BlackElo "1937"]
[PlyCount "77"]
[EventDate "2015.09.17"]
[EventType "swiss"]
[EventRounds "6"]
[EventCountry "BRA"]
[SourceTitle "EXT 2016"]
[Source "ChessBase"]
[SourceDate "2015.10.08"]
[SourceVersion "1"]
[SourceVersionDate "2015.10.08"]
[SourceQuality "1"]

1. b3 e5 2. Bb2 Nc6 3. c4 Nf6 4. g3 d5 5. Bg2 d4 6. d3 Bf5 7. Nf3 Bb4+ 8. Nbd2 e4 9. Nh4 e3 10. 0-0 Bg4 11. fxe3 dxe3 12. Bxf6 gxf6 13. Bxc6+ bxc6 14. Ne4 Be7 15. Nf5 Bxf5 16. Rxf5 Qd4 17. Rb1 Rg8 18. b4 Rg6 19. Qa4 Qd7 20. Rbf1 Qe6 21. Qa6 Rb8 22. a3 Rb6 23. Qxa7 Kd7 24. c5 Rb5 25. Nc3 Rg5 26. Rxg5 fxg5 27. Nxb5 cxb5 28. Qb7 Qa2 29. Qxb5+ Kd8 30. c6 Bd6 31. Qxg5+ Ke8 32. Qxe3+ Kf8 33. Qh6+ Kg8 34. Qg5+ Kf8 35. Qh5 Kg7 36. e4 Qb3 37. Qd5 Qxa3 38. Qxf7+ Kh8 39. Qe8+ 1-0

[Event "Sao Paulo Hebraica op 19th"]
[Site "Sao Paulo"]
[Date "2015.01.10"]
[Round "3"]
[White "Schultz, Rauanda"]
[Black "Sousa, Felipe Mazim De"]
[Result "1-0"]
[WhiteElo "1540"]
[BlackElo "1786"]
[PlyCount "93"]
[EventDate "2015.01.08"]
[EventType "swiss"]
[EventRounds "6"]
[EventCountry "BRA"]
[SourceTitle "CBM 164 Extra"]
[Source "ChessBase"]
[SourceDate "2015.03.02"]
[SourceVersion "1"]
[SourceVersionDate "2015.03.02"]
[SourceQuality "1"]

1. d4 d5 2. c4 g6 3. Nc3 e6 4. Nf3 Bg7 5. Bg5 Ne7 6. e3 b6 7. cxd5 exd5 8. Bd3 Bb7 9. Rc1 c6 10. h4 h6 11. Bf4 Na6 12. h5 g5 13. Be5 Bxe5 14. Nxe5 Nc7 15. Qf3 Rf8 16. Qf6 Ng8 17. Qg7 Ne6 18. Qh7 Qf6 19. Rh3 Qg7 20. Qf5 Ne7 21. Qg4 f5 22. Qd1 g4 23. Rh1 Ng5 24. Ne2 Nf7 25. Nxf7 Kxf7 26. Nf4 Qf6 27. b4 Qd6 28. Qb3 Rfc8 29. Kd2 Rcb8 30. g3 a5 31. a3 Ba6 32. Rc3 axb4 33. axb4 Bxd3 34. Nxd3 Ra7 35. Ne5+ Kf6 36. Rhc1 c5 37. dxc5 Qxe5 38. c6 Rc7 39. b5 d4 40. exd4 Qxd4+ 41. Rd3 Qxf2+ 42. Kc3 Qc5+ 43. Kd2 Qf2+ 44. Kc3 Kg5 45. Qf7 Ra8 46. Qg7+ Kxh5 47. Rh1+ 1-0

[Event "Sao Paulo Hebraica op 19th"]
[Site "Sao Paulo"]
[Date "2015.01.09"]
[Round "2"]
[White "Sousa, Felipe Mazim De"]
[Black "Sangiovanni, Marcello Gouveia"]
[Result "1-0"]
[WhiteElo "1786"]
[BlackElo "1473"]
[PlyCount "115"]
[EventDate "2015.01.08"]
[EventType "swiss"]
[EventRounds "6"]
[EventCountry "BRA"]
[SourceTitle "CBM 164 Extra"]
[Source "ChessBase"]
[SourceDate "2015.03.02"]
[SourceVersion "1"]
[SourceVersionDate "2015.03.02"]
[SourceQuality "1"]

1. d4 Nf6 2. c4 e6 3. Nf3 Bb4+ 4. Bd2 Qe7 5. a3 Bxd2+ 6. Nfxd2 0-0 7. g3 Nc6 8. e3 d6 9. Bg2 Bd7 10. b4 Rab8 11. Nc3 e5 12. d5 Nd8 13. 0-0 c6 14. Nde4 Nxe4 15. Nxe4 f5 16. dxc6 fxe4 17. c7 Rc8 18. cxd8Q Rfxd8 19. Bxe4 Be6 20. Bd5 Kh8 21. Rc1 g6 22. Qd3 Rf8 23. Bxe6 Qxe6 24. Rfd1 Rcd8 25. Qd5 Qf6 26. Rd2 Rf7 27. c5 Rfd7 28. c6 bxc6 29. Rxc6 Kg7 30. a4 Kf8 31. a5 Ke7 32. b5 Qf5 33. Kg2 e4 34. Qxf5 gxf5 35. b6 axb6 36. Rxb6 Ra8 37. a6 h5 38. Kh3 Ke6 39. Kh4 Raa7 40. h3 Ra8 41. Rc2 Rda7 42. Rcc6 Rd7 43. Kg5 Rg8+ 44. Kf4 Ra8 45. Rb7 Rdd8 46. Rcb6 Rdc8 47. Rh7 Rc2 48. Rh6+ Kf7 49. Kxf5 Rxf2+ 50. Kxe4 d5+ 51. Kxd5 Rd2+ 52. Ke5 Ra2 53. Kf4 Rf2+ 54. Kg5 Rc2 55. Rb7+ Kg8 56. Rg6+ Kh8 57. Kh6 h4 58. Rh7# 1-0

[Event "BRA-ch U16"]
[Site "Tres Rios"]
[Date "2014.05.09"]
[Round "3.5"]
[White "Vilalba, Ricardo Pereira"]
[Black "Sousa, Felipe Mazim De"]
[Result "0-1"]
[WhiteElo "1877"]
[BlackElo "1746"]
[PlyCount "118"]
[EventDate "2014.05.08"]
[EventType "swiss"]
[EventRounds "6"]
[EventCountry "BRA"]
[SourceTitle "EXT 2022"]
[Source "ChessBase"]
[SourceDate "2021.10.06"]
[SourceVersion "1"]
[SourceVersionDate "2021.10.06"]
[SourceQuality "1"]

1. c4 c6 2. Nf3 d5 3. b3 e6 4. g3 Nf6 5. Bg2 Be7 6. 0-0 0-0 7. Bb2 Nbd7 8. d4 b6 9. Nbd2 Bb7 10. Ne5 Nxe5 11. dxe5 Nd7 12. e4 dxc4 13. Nxc4 Qc7 14. Qd4 Rfd8 15. Nd6 Nxe5 16. Qxe5 Bf6 17. Qh5 Bxb2 18. Nxb7 Qxb7 19. Rab1 Bd4 20. e5 Rac8 21. Rbc1 Qd7 22. Be4 g6 23. Qg5 c5 24. Kg2 Qb5 25. Rc4 Rc7 26. h4 Qd7 27. h5 Qe7 28. Qh6 Bxe5 29. hxg6 hxg6 30. Bxg6 fxg6 31. Qxg6+ Kf8 32. Qh6+ Ke8 33. Qh5+ Kd7 34. Qxe5 Kc8 35. Re1 Rc6 36. Rh4 Rcd6 37. Rh8 Rxh8 38. Qxh8+ Kb7 39. Qe5 a6 40. Rh1 Rd5 41. Qe4 Qf6 42. Rh7+ Kc6 43. Qa4+ Kd6 44. Qd7+ Ke5 45. Qc7+ Kd4 46. Rf7 Qe5 47. Rf4+ Kc3 48. Qxb6 Rd1 49. Qa5+ Kb2 50. Qxa6 Qh5 51. Rh4 Qd5+ 52. f3 Rd2+ 53. Kh3 Qf5+ 54. Rg4 Qh5+ 55. Rh4 Qf5+ 56. Rg4 Qh5+ 57. Rh4 Qf5+ 58. Rg4 Qxf3 59. Kh4 Rh2+ 0-1

[Event "Bairro op"]
[Site "Bairro Buritizal"]
[Date "2014.04.12"]
[Round "4"]
[White "Pastana, Rafael Pedroni"]
[Black "Sousa, Felipe Mazim De"]
[Result "0-1"]
[WhiteElo "1896"]
[BlackElo "1736"]
[PlyCount "76"]
[EventDate "2014.04.11"]
[EventType "swiss"]
[EventRounds "6"]
[EventCountry "BRA"]
[SourceTitle "CBM 160 Extra"]
[Source "ChessBase"]
[SourceDate "2014.07.01"]
[SourceVersion "1"]
[SourceVersionDate "2014.07.01"]
[SourceQuality "1"]

1. d4 d5 2. c4 e6 3. Nc3 c6 4. e3 Nf6 5. Nf3 Nbd7 6. Qc2 a6 7. b3 Bb4 8. Bd3 Ne4 9. Bxe4 dxe4 10. Nd2 f5 11. 0-0 0-0 12. f3 exf3 13. Rxf3 e5 14. a3 e4 15. Ndxe4 fxe4 16. Rxf8+ Bxf8 17. Qxe4 Nf6 18. Qd3 Bg4 19. e4 c5 20. d5 Bd6 21. Be3 Qc7 22. h3 Bh5 23. b4 Bg6 24. Bg5 Be5 25. Re1 Re8 26. Bxf6 Bxf6 27. Kh1 cxb4 28. axb4 Qe5 29. Re3 Qf4 30. Ne2 Qf1+ 31. Kh2 Be5+ 32. Ng3 Qxd3 33. Rxd3 Bxe4 34. Re3 Bg6 35. c5 Bxg3+ 36. Rxg3 Re4 37. c6 bxc6 38. dxc6 Rc4 0-1

[Event "Sao Paulo op-B U2050"]
[Site "Sao Paulo"]
[Date "2014.04.06"]
[Round "5"]
[White "Sousa, Felipe Mazim De"]
[Black "Monte, Edmar Ferreira"]
[Result "1-0"]
[WhiteElo "1736"]
[BlackElo "1677"]
[PlyCount "47"]
[EventDate "2014.04.03"]
[EventType "swiss"]
[EventRounds "6"]
[EventCountry "BRA"]
[SourceTitle "CBM 159 Extra"]
[Source "ChessBase"]
[SourceDate "2014.04.24"]
[SourceVersion "1"]
[SourceVersionDate "2014.04.24"]
[SourceQuality "1"]

1. d4 d5 2. c4 e6 3. Nc3 c6 4. e3 Nf6 5. Nf3 dxc4 6. Bxc4 b5 7. Bd3 Bb7 8. e4 b4 9. Na4 Nbd7 10. e5 Nd5 11. Bg5 Qa5 12. 0-0 Ba6 13. Bxa6 Qxa6 14. Qc2 h6 15. Bh4 Rc8 16. Nd2 c5 17. Rac1 Qb5 18. dxc5 Bxc5 19. Ne4 0-0 20. Naxc5 Nxe5 21. Nd6 Qa5 22. Nxc8 Rxc8 23. Qe4 Ng6 24. Nb7 1-0

[Event "Sao Paulo op-B U2050"]
[Site "Sao Paulo"]
[Date "2014.04.04"]
[Round "2"]
[White "Goncalves, Marcus Vinicius M"]
[Black "Sousa, Felipe Mazim De"]
[Result "1/2-1/2"]
[WhiteElo "1981"]
[BlackElo "1736"]
[PlyCount "94"]
[EventDate "2014.04.03"]
[EventType "swiss"]
[EventRounds "6"]
[EventCountry "BRA"]
[SourceTitle "CBM 159 Extra"]
[Source "ChessBase"]
[SourceDate "2014.04.24"]
[SourceVersion "1"]
[SourceVersionDate "2014.04.24"]
[SourceQuality "1"]

1. d4 d5 2. c4 e6 3. Nc3 c6 4. cxd5 exd5 5. Bf4 Bd6 6. Bxd6 Qxd6 7. e3 Bf5 8. Bd3 Qg6 9. Bxf5 Qxf5 10. Nf3 Nd7 11. 0-0 Ngf6 12. b4 a6 13. a4 Nb6 14. Qb1 Qxb1 15. Raxb1 Ne4 16. Nxe4 dxe4 17. Ng5 Nxa4 18. Nxe4 Kd7 19. Rfc1 Rhe8 20. Nd2 Nb6 21. Kf1 f5 22. Ke2 Nd5 23. Kd3 Nf6 24. h3 Ne4 25. f3 Nxd2 26. Kxd2 b6 27. Rc4 g6 28. Rbc1 Re6 29. d5 Rd6 30. Rxc6 Rxd5+ 31. Ke2 Rd6 32. Rc7+ Ke6 33. Rxh7 a5 34. bxa5 Rxa5 35. Rc2 Rb5 36. g4 Rb1 37. g5 Rh1 38. Rcc7 Rh2+ 39. Ke1 b5 40. Rb7 Ra6 41. Rhe7+ Kd6 42. Red7+ Kc5 43. Rbc7+ Kb4 44. Rd4+ Kb3 45. Rd3+ Kb4 46. Rd4+ Kb3 47. Rd3+ Kb4 1/2-1/2

[Event "BRA-ch Amateur"]
[Site "Sao Paulo"]
[Date "2013.02.11"]
[Round "6"]
[White "Sousa, Felipe Mazim De"]
[Black "Moraes, Vitor"]
[Result "0-1"]
[WhiteElo "1737"]
[BlackElo "1921"]
[PlyCount "132"]
[EventDate "2013.02.09"]
[EventType "swiss"]
[EventRounds "7"]
[EventCountry "BRA"]
[SourceTitle "CBM 152 Extra"]
[Source "ChessBase"]
[SourceDate "2013.02.25"]
[SourceVersion "1"]
[SourceVersionDate "2013.02.25"]
[SourceQuality "1"]

1. d4 Nf6 2. c4 e6 3. Nc3 c5 4. d5 exd5 5. cxd5 d6 6. e4 g6 7. Nf3 Bg4 8. h3 Bxf3 9. Qxf3 Bg7 10. Bb5+ Nfd7 11. Bf4 a6 12. Bxd7+ Qxd7 13. Qg3 Ke7 14. 0-0 f6 15. Rfe1 Rd8 16. Bd2 Qc7 17. Ne2 Nd7 18. Nf4 Nf8 19. Bc3 Kf7 20. h4 b5 21. b3 Re8 22. Qf3 Kg8 23. h5 Qf7 24. hxg6 hxg6 25. g3 b4 26. Bb2 f5 27. Bxg7 Kxg7 28. exf5 Qxf5 29. Kg2 Kf7 30. g4 Qf6 31. Qg3 Rxe1 32. Rxe1 Re8 33. Rh1 Re4 34. Nd3 Qd4 35. Qf3+ Kg7 36. Kg3 Nh7 37. Re1 Ng5 38. Rxe4 Qxe4 39. Qd1 Qxd5 40. Nb2 Qe5+ 41. f4 Qe3+ 42. Kg2 Qh3+ 43. Kg1 Qg3+ 44. Kf1 Qxf4+ 45. Ke1 Nf3+ 46. Ke2 Nd4+ 47. Kd3 d5 48. Qe1 Qf3+ 49. Qe3 Qf1+ 50. Kd2 Nf3+ 51. Kc2 Ne1+ 52. Kd2 Nf3+ 53. Kc2 Nd4+ 54. Kd2 Qg2+ 55. Kd1 Qxg4+ 56. Kc1 Qf4 57. Qxf4 Ne2+ 58. Kd2 Nxf4 59. Na4 c4 60. Nc5 c3+ 61. Kc2 d4 62. Nxa6 d3+ 63. Kd1 c2+ 64. Kd2 Ne2 65. Nxb4 c1Q+ 66. Kxd3 Qc3+ 0-1

[Event "BRA-ch U20"]
[Site "Sao Paulo"]
[Date "2012.06.09"]
[Round "5"]
[White "Sousa, Felipe Mazim De"]
[Black "Nolasco de Moraes, Vitor"]
[Result "0-1"]
[WhiteElo "1707"]
[BlackElo "1918"]
[PlyCount "90"]
[EventDate "2012.06.07"]
[EventType "swiss"]
[EventRounds "7"]
[EventCountry "BRA"]
[SourceTitle "EXT 2014"]
[Source "ChessBase"]
[SourceDate "2013.11.20"]
[SourceVersion "1"]
[SourceVersionDate "2013.11.20"]
[SourceQuality "1"]

1. e4 c6 2. d4 d5 3. exd5 cxd5 4. c4 Nf6 5. Nc3 e6 6. Nf3 Nc6 7. Be3 dxc4 8. Bxc4 Be7 9. 0-0 0-0 10. d5 exd5 11. Nxd5 Bg4 12. Nxe7+ Qxe7 13. Bg5 Qc5 14. Qc2 Kh8 15. Be3 Qh5 16. Nd2 Ne5 17. f3 Nxc4 18. Nxc4 Bf5 19. Qf2 b6 20. Rfd1 Be6 21. Nd6 Nd5 22. b3 Rfd8 23. Ne4 f6 24. Rac1 Rac8 25. Bd4 Qf7 26. Bb2 Rxc1 27. Bxc1 Qe7 28. Qd2 Rc8 29. Bb2 Kg8 30. f4 h6 31. f5 Bf7 32. Re1 Qd7 33. g4 Qc6 34. Rc1 Qd7 35. Rxc8+ Qxc8 36. Nd6 Qc5+ 37. Kg2 Qxd6 38. Kf3 Qc6 39. Kg3 Qb5 40. h4 Qb4 41. Qc1 Qe4 42. Qc8+ Kh7 43. Qc1 Ne3 44. Qc7 Qg2+ 45. Kf4 Qh2+ 0-1

[Event "BRA-ch U20"]
[Site "Sao Paulo"]
[Date "2012.06.07"]
[Round "1"]
[White "Sousa, Felipe Mazim De"]
[Black "Gotz, Klaus Seiji Furucho"]
[Result "1-0"]
[WhiteElo "1707"]
[BlackElo "1975"]
[PlyCount "145"]
[EventDate "2012.06.07"]
[EventType "swiss"]
[EventRounds "7"]
[EventCountry "BRA"]
[SourceTitle "EXT 2014"]
[Source "ChessBase"]
[SourceDate "2013.11.20"]
[SourceVersion "1"]
[SourceVersionDate "2013.11.20"]
[SourceQuality "1"]

1. e4 c5 2. Nf3 d6 3. d4 cxd4 4. Nxd4 Nf6 5. Nc3 g6 6. f3 Bg7 7. Be3 0-0 8. Bc4 Nc6 9. Qd2 Bd7 10. h4 h5 11. 0-0-0 Rc8 12. Bb3 Ne5 13. Qe2 Qa5 14. Bg5 Rfe8 15. Kb1 Rc5 16. Nd5 Nxd5 17. Bxd5 Qb4 18. c3 Qb6 19. Be3 Qa6 20. Qxa6 bxa6 21. Bb7 Rb8 22. Nb3 Rxb7 23. Bxc5 dxc5 24. Nxc5 Rc7 25. Nxa6 Rc8 26. Nb4 Bb5 27. Nd5 Kf8 28. Ne3 Ba6 29. Rd5 Rb8 30. Rhd1 Ke8 31. b3 e6 32. Rc5 Bf6 33. Kc2 Rc8 34. Ra5 Rc6 35. c4 Nd7 36. g3 Bd8 37. Ra4 Be7 38. Kb1 Nc5 39. Ra5 Nb7 40. Ra4 Rb6 41. Nc2 Nd8 42. e5 Nb7 43. Kb2 Nc5 44. Ra3 Nd7 45. Ra5 Bd8 46. Kc3 Rc6 47. Ra4 Nc5 48. Rb4 Ba5 49. a3 Nd7 50. Nd4 Bxb4+ 51. axb4 Rc7 52. f4 Nb6 53. b5 Bb7 54. Kd3 a6 55. bxa6 Bxa6 56. Ra1 Nd7 57. Kc3 Nb8 58. Kb4 Nc6+ 59. Kc3 Nxd4 60. Kxd4 Rc6 61. Rc1 Kd7 62. b4 Kc7 63. Rc3 Bc8 64. b5 Rb6 65. Kc5 Rb8 66. Rd3 Bd7 67. Rd6 Be8 68. Kb4 Bd7 69. Ka5 Rb7 70. b6+ Kc8 71. c5 Rb8 72. c6 Be8 73. Kb5 1-0

[Event "BRA-ch U16"]
[Site "Sao Paulo"]
[Date "2012.04.28"]
[Round "2"]
[White "Sousa, Felipe Mazim De"]
[Black "Gotz, Klaus Seiji Furucho"]
[Result "0-1"]
[WhiteElo "1701"]
[BlackElo "1933"]
[PlyCount "90"]
[EventDate "2012.04.28"]
[EventType "swiss"]
[EventRounds "7"]
[EventCountry "BRA"]
[SourceTitle "CBM 148 Extra"]
[Source "ChessBase"]
[SourceDate "2012.06.22"]
[SourceVersion "1"]
[SourceVersionDate "2012.06.22"]
[SourceQuality "1"]

1. e4 c5 2. Nf3 a6 3. d4 cxd4 4. Nxd4 Nf6 5. Bd3 e5 6. Nb3 Nc6 7. c4 Bb4+ 8. Bd2 Bxd2+ 9. Qxd2 d6 10. a3 Be6 11. Nc3 Qb6 12. Qc2 Rc8 13. Nd5 Bxd5 14. exd5 Nd4 15. Nxd4 Qxd4 16. Qb3 Nd7 17. Bf5 Rc7 18. Rc1 Nc5 19. Qc3 Qf4 20. Bb1 0-0 21. 0-0 Rfc8 22. b3 g6 23. Bc2 b5 24. Qe3 Qxe3 25. fxe3 Nd7 26. cxb5 axb5 27. Rf2 Rc3 28. Kf1 Rxe3 29. Rb1 Nb6 30. Rd2 Rc5 31. Kf2 Rec3 32. Be4 f5 33. b4 Rc7 34. Bd3 Nc4 35. Bxc4 R3xc4 36. Ra1 e4 37. g3 Ra7 38. Rb2 Rc3 39. a4 Rxa4 40. Rxa4 bxa4 41. b5 Rb3 42. Ra2 Rxb5 43. Rxa4 Rxd5 44. Ke3 Rd3+ 45. Kf4 h6 0-1

[Event "Sao Paulo Braga op"]
[Site "Sao Paulo"]
[Date "2011.04.22"]
[Round "5"]
[White "Edagi Fudaba, Barbara"]
[Black "Sousa, Felipe Mazim De"]
[Result "0-1"]
[WhiteElo "2026"]
[BlackElo "1754"]
[PlyCount "77"]
[EventDate "2011.04.20"]
[EventType "swiss"]
[EventRounds "9"]
[EventCountry "BRA"]
[SourceTitle "EXT 2022"]
[Source "ChessBase"]
[SourceDate "2021.10.06"]
[SourceVersion "1"]
[SourceVersionDate "2021.10.06"]
[SourceQuality "1"]

1. e4 c5 2. Nf3 Nc6 3. Be2 g6 4. 0-0 Bg7 5. d3 d6 6. Be3 Bxb2 7. Nbd2 Bxa1 8. Qxa1 e5 9. c3 Nf6 10. d4 Ng4 11. h3 Nxe3 12. fxe3 0-0 13. dxc5 dxc5 14. Nc4 Qe7 15. Rd1 b6 16. a4 Ba6 17. Rd5 Rfd8 18. Qa2 Kg7 19. Ncxe5 Rxd5 20. exd5 Nxe5 21. Nxe5 Bxe2 22. Qxe2 Qxe5 23. c4 Re8 24. Kf2 Qf6+ 25. Ke1 Qa1+ 26. Kf2 Qxa4 27. e4 Qa1 28. Kg3 Qe5+ 29. Kf3 Qh5+ 30. Kf2 Qxe2+ 31. Kxe2 Rxe4+ 32. Kd3 Rd4+ 33. Kc3 Kf6 34. g3 Ke5 35. h4 Rg4 36. h5 Rxg3+ 37. Kc2 f5 38. hxg6 hxg6 39. Kd2 0-1

[Event "Sao Paulo Braga op"]
[Site "Sao Paulo"]
[Date "2011.04.21"]
[Round "2"]
[White "Sousa, Felipe Mazim De"]
[Black "Souza, Marcos Valerio"]
[Result "0-1"]
[WhiteElo "1754"]
[BlackElo "2104"]
[PlyCount "104"]
[EventDate "2011.04.20"]
[EventType "swiss"]
[EventRounds "9"]
[EventCountry "BRA"]
[SourceTitle "CBM 141 Extra"]
[Source "ChessBase"]
[SourceDate "2011.05.03"]
[SourceVersion "1"]
[SourceVersionDate "2011.05.03"]
[SourceQuality "1"]

1. d4 Nf6 2. c4 g6 3. Nc3 Bg7 4. e4 d6 5. Bg5 0-0 6. f3 c5 7. d5 a6 8. Qb3 Nbd7 9. Nh3 h6 10. Be3 Rb8 11. Be2 Ne5 12. Nf2 Qc7 13. 0-0 Re8 14. Nd3 Nxd3 15. Bxd3 e6 16. a4 exd5 17. cxd5 b6 18. Qa3 c4 19. Be2 Bb7 20. Bf4 Bf8 21. Qb4 Rbc8 22. Rfc1 Nd7 23. Nd1 Bxd5 24. Ne3 Be6 25. Nxc4 Qc5+ 26. Qxc5 dxc5 27. Nd6 Bxd6 28. Bxd6 Rc6 29. Bf4 g5 30. Be3 c4 31. Rc3 b5 32. axb5 axb5 33. Kf2 Rec8 34. f4 f6 35. fxg5 hxg5 36. Bd4 Nc5 37. Bxc5 Rxc5 38. Ra6 R8c6 39. Rxc6 Rxc6 40. Rg3 Kf7 41. Ke1 b4 42. Kd1 Rc5 43. Kc2 Ke7 44. h3 Kd6 45. Re3 Ke5 46. Bf3 Ra5 47. Re1 Ra2 48. Kb1 c3 49. Re2 Bc4 50. Re3 Rxb2+ 51. Kc1 Kd4 52. Re1 Bd3 0-1

[Event "Sao Bernardo LXSBC 2nd"]
[Site "Sao Bernardo do Campo"]
[Date "2010.10.17"]
[Round "5"]
[White "Gotz, Klaus Seiji Furucho"]
[Black "Sousa, Felipe Mazim De"]
[Result "1-0"]
[WhiteElo "1736"]
[BlackElo "1791"]
[PlyCount "71"]
[EventDate "2010.10.15"]
[EventType "swiss"]
[EventRounds "6"]
[EventCountry "BRA"]
[SourceTitle "EXT 2022"]
[Source "ChessBase"]
[SourceDate "2021.10.06"]
[SourceVersion "1"]
[SourceVersionDate "2021.10.06"]
[SourceQuality "1"]

1. d4 Nf6 2. c4 e6 3. Nf3 Bb4+ 4. Bd2 Be7 5. Nc3 d5 6. Bg5 Nbd7 7. cxd5 exd5 8. e3 c6 9. Qc2 0-0 10. Bd3 h6 11. Bf4 Nb6 12. 0-0 Be6 13. a3 c5 14. dxc5 Bxc5 15. Nb5 Nbd7 16. b4 Bb6 17. Bd6 Rc8 18. Qb2 Re8 19. Bg3 Re7 20. Nd6 Rb8 21. Nb5 Ra8 22. Bd6 Re8 23. Rfc1 Rc8 24. Rxc8 Qxc8 25. Rc1 Qd8 26. Bg3 Re7 27. Bd6 Re8 28. Bf4 Re7 29. h3 Nb8 30. Bxh6 a6 31. Bg5 axb5 32. Bxf6 gxf6 33. Qxf6 Re8 34. Qh6 Nc6 35. Ng5 Qd7 36. Bh7+ 1-0

[Event "Sao Bernardo LXSBC 2nd"]
[Site "Sao Bernardo do Campo"]
[Date "2010.10.15"]
[Round "2"]
[White "Sousa, Felipe Mazim De"]
[Black "Goncalves, Jorge Roberto"]
[Result "0-1"]
[WhiteElo "1791"]
[BlackElo "2043"]
[PlyCount "74"]
[EventDate "2010.10.15"]
[EventType "swiss"]
[EventRounds "6"]
[EventCountry "BRA"]
[SourceTitle "EXT 2022"]
[Source "ChessBase"]
[SourceDate "2021.10.06"]
[SourceVersion "1"]
[SourceVersionDate "2021.10.06"]
[SourceQuality "1"]

1. d4 Nf6 2. c4 c5 3. d5 b5 4. cxb5 a6 5. bxa6 Bxa6 6. g3 d6 7. Bg2 g6 8. Nf3 Bg7 9. 0-0 0-0 10. Nc3 Nbd7 11. Re1 Qa5 12. Bd2 Rfb8 13. Qc2 Qb6 14. Na4 Qb5 15. e4 Qd3 16. Rac1 Qxc2 17. Rxc2 Bd3 18. Rc3 c4 19. b3 Ng4 20. Rcc1 cxb3 21. axb3 Rxb3 22. Nc3 Nc5 23. h3 Ne5 24. Nxe5 Bxe5 25. Nd1 Bb5 26. Re3 Nd3 27. Rc7 Rb1 28. Bf3 Bd4 29. Re2 Rxd1+ 30. Kg2 Ne5 31. Bh6 Nxf3 32. Kxf3 Bxe2+ 33. Kxe2 Rda1 34. Rxe7 R1a7 35. Rxa7 Rxa7 36. Bf4 Ra6 37. f3 f6 0-1